[Event "45th Olympiad Budapest 2024"]
[Site "Budapest"]
[Date "2024.09.20"]
[Round "9.4"]
[White "Zhalmakhanov, Ramazan"]
[Black "Itgelt, Khuyagtsogt"]
[Result "1-0"]
[WhiteElo "2497"]
[BlackElo "2412"]
[PlyCount "97"]
[EventDate "2024.09.11"]
[EventType "team"]
[EventRounds "11"]
[EventCountry "HUN"]
[WhiteTeam "Kazakhstan"]
[BlackTeam "Mongolia"]
[WhiteTeamCountry "KAZ"]
[BlackTeamCountry "MGL"]

1. e4 e5 2. Nf3 Nc6 3. Bb5 a6 4. Ba4 Nf6 5. O-O b5 6. Bb3 Bc5 7. c3 d6 8. d4 Bb6 9. h3 O-O 10. Be3 Re8 11. Nbd2 exd4 ({RR} 11... Na5 12. Bc2 c5 13. d5 c4 14. Bxb6 Qxb6 15. b4 cxb3 16. axb3 Bd7 17. b4 Nb7 18. Bd3 a5 19. Qb3 axb4 20. cxb4 Ra4 21. Qb2 Rea8 22. Rxa4 bxa4 23. Nc4 Qd8 24. Na3 Qb6 25. Rb1 g6 26. Nd2 {Maghsoodloo,P (2701)-Aronian,L (2785) Chess.com INT 2022 0-1 (87)}) ({RR} 11... h6 12. Re1 exd4 13. cxd4 Nb4 14. a3 Nd3 15. Bxf7+ Kxf7 16. Qb3+ d5 17. Qxd3 dxe4 18. Qb3+ Qd5 19. Ne5+ Kg8 20. Qxd5+ Nxd5 21. Nxe4 Bb7 22. Nd2 Nxe3 23. fxe3 Rad8 24. Ndf3 c5 25. Rad1 Rd6 26. dxc5 {Cave,I (1985)-Camacho Collados,J (2370) Cardiff WLS 2024 ½-½ (66)}) 12. cxd4 Na5 $146 ({RR} 12... Nb4 13. a3 Nc6 14. Rc1 Ne7 15. Ng5 Rf8 16. e5 Nfd5 17. Qh5 Bf5 18. Qf3 dxe5 {0-1 (18) Stefansson,H (2536)-Shirov,A (2662) Tornelo INT 2020}) 13. Bc2 Bb7 14. Qb1 Nc4 15. Nxc4 bxc4 16. Nd2 Rb8 17. Re1 c3 18. bxc3 Ba5 19. Qb3 Bxe4 20. Qa3 Bxc2 21. Qxa5 Qc8 22. c4 Bg6 23. d5 Nd7 24. Nf3 Ne5 25. Nxe5 Rxe5 26. Rac1 h6 27. Red1 Be4 28. Bf4 Rf5 29. Qd2 Rf6 30. Bg3 Qb7 31. Re1 Bg6 32. Re7 Qb6 33. c5 dxc5 34. Bxc7 Qb2 35. Re2 Qxc1+ 36. Qxc1 Rb1 37. Qxb1 Bxb1 38. d6 Bf5 39. Re5 Be6 40. Rxe6 Rxe6 41. d7 Re1+ 42. Kh2 Rd1 43. d8=Q+ Rxd8 44. Bxd8 f5 45. Kg3 Kf7 46. Bb6 c4 47. Bd4 g5 48. f4 Ke6 49. Kf3 1-0

[Event "45th Olympiad Budapest 2024"]
[Site "Budapest"]
[Date "2024.09.20"]
[Round "9.1"]
[White "Haring, Filip"]
[Black "Murphy, Conor E"]
[Result "1-0"]
[WhiteElo "2503"]
[BlackElo "2453"]
[PlyCount "83"]
[EventDate "2024.09.11"]
[EventType "team"]
[EventRounds "11"]
[EventCountry "HUN"]
[WhiteTeam "Slovakia"]
[BlackTeam "Ireland"]
[WhiteTeamCountry "SVK"]
[BlackTeamCountry "IRL"]

1. e4 {Mueller,Karsten} e5 2. Nf3 Nc6 3. Bb5 Nf6 4. d3 Bc5 5. Bxc6 dxc6 6. O-O Qe7 7. Nbd2 a5 ({RR} 7... Bg4 8. h3 Bh5 9. Nc4 Nd7 10. a3 a6 11. b4 Ba7 12. Be3 Bxe3 13. Nxe3 f6 14. Nf5 Qf8 15. Ng3 Bf7 16. Qd2 g6 17. Nh2 h5 18. f4 exf4 19. Qxf4 O-O-O 20. e5 f5 21. Nf3 Qe7 22. Rae1 {So,W (2741)-Carlsen,M (2881) chess24.com INT 2020 CBM 196 Extra [Mueller,Karsten] 0-1 (64)}) 8. Nc4 Nd7 9. Ne3 $146 ({RR} 9. c3 O-O 10. Re1 Qe6 11. b3 b5 12. Ne3 Re8 13. Nf5 Bf8 14. Be3 a4 15. Rb1 axb3 16. axb3 c5 17. c4 f6 18. Qc2 g6 19. Nh6+ Bxh6 20. Bxh6 b4 21. Bc1 Nb8 22. Be3 Qd6 23. Ra1 Rxa1 {Giri,A (2752)-So,W (2752) Saint Louis USA 2023 ½-½ (39)}) ({RR} 9. c3 O-O 10. d4 exd4 11. cxd4 b5 12. Ncd2 Bb6 13. a4 Re8 14. Qc2 Bb7 15. b3 Rad8 16. Bb2 Nf8 17. Rfe1 Ne6 18. axb5 cxb5 19. d5 Qc5 20. Qxc5 Nxc5 21. Bd4 f5 22. Bxc5 Bxc5 23. Rxa5 fxe4 {Duda,J (2733)-So,W (2757) chess.com INT 2024 ½-½ (48)}) ({RR} 9. Be3 f6 10. c3 O-O 11. Re1 b6 12. d4 Bd6 13. Qb3 a4 14. Qc2 Qf7 15. Nfd2 Be7 16. b3 axb3 17. axb3 Bb7 18. Nf3 exd4 19. cxd4 c5 20. d5 f5 21. Rxa8 Rxa8 22. Nfe5 Nxe5 23. Nxe5 Qf6 {Nepomniachtchi,I (2770)-So,W (2757) Zagreb CRO 2024 ½-½ (66)}) 9... f6 10. Nf5 Qf7 11. Re1 Nf8 12. Bd2 Ne6 13. a3 a4 14. h3 O-O 15. Qe2 Re8 16. Qf1 Bf8 17. g4 c5 18. Qg2 Kh8 19. Be3 Ra6 20. Kh1 Nd4 21. N3xd4 cxd4 22. Bd2 Rb6 23. Reb1 Be6 24. f4 Qg8 25. fxe5 fxe5 26. Qf2 Ba2 27. Rf1 Rxb2 28. Bc1 Rb1 29. Rxb1 Bxb1 30. g5 Qf7 31. Qg2 Qe6 32. h4 b5 33. h5 g6 34. hxg6 Qxg6 35. Qh2 Ba2 36. Rf3 Bg8 37. Rh3 c5 38. Nh4 Qf7 39. Kg1 Bg7 40. g6 Qf6 41. Nf5 Qxg6+ 42. Rg3 1-0

[Event "45th Olympiad Budapest 2024"]
[Site "Budapest"]
[Date "2024.09.20"]
[Round "9.2"]
[White "Kanyamarala, Tarun"]
[Black "Sahidi, Samir"]
[Result "1/2-1/2"]
[WhiteElo "2361"]
[BlackElo "2474"]
[PlyCount "80"]
[EventDate "2024.09.11"]
[EventType "team"]
[EventRounds "11"]
[EventCountry "HUN"]
[WhiteTeam "Ireland"]
[BlackTeam "Slovakia"]
[WhiteTeamCountry "IRL"]
[BlackTeamCountry "SVK"]

1. d4 Nf6 2. c4 e6 3. Bf4 b6 4. a3 Bb7 5. Nc3 d5 6. cxd5 Nxd5 7. Nxd5 Bxd5 8. Qc2 Bd6 9. Bxd6 cxd6 10. e4 Bb7 11. Bb5+ Nd7 12. Ne2 O-O 13. O-O a6 $146 ({RR} 13... Nf6 14. f3 Qe7 15. Rfc1 Rfc8 16. Qa4 a6 17. Bd3 Qd8 18. Qb4 Rxc1+ 19. Rxc1 Rc8 20. Rd1 g6 21. Nc3 Qc7 22. Rc1 Qd8 23. Rc2 h5 24. Na4 Rxc2 25. Bxc2 b5 26. Nc3 Bc6 27. Na2 h4 28. Qc3 {Ushenina,A (2434)-Cramling,P (2446) Douglas IOM 2023 0-1 (51)}) 14. Bd3 b5 15. Rac1 Rc8 16. Qd2 Qb6 17. Rxc8 Rxc8 18. Rc1 Rxc1+ 19. Qxc1 e5 20. Qc3 exd4 21. Nxd4 Qc5 22. Ne2 Ne5 23. Bc2 Kf8 24. b4 Qxc3 25. Nxc3 Nc4 26. a4 bxa4 27. Nxa4 Ne5 28. Nc3 Nc6 29. b5 Nd4 30. bxa6 Bxa6 31. Bd1 Bc4 32. f3 Nb5 33. Na4 Ke7 34. Nb6 Be6 35. Na4 d5 36. exd5 Bxd5 37. Be2 Nd4 38. Nc3 Bc6 39. Bd3 f5 40. Kf2 Kf6 1/2-1/2

[Event "45th Olympiad Budapest 2024"]
[Site "Budapest"]
[Date "2024.09.20"]
[Round "9.3"]
[White "Druska, Juraj"]
[Black "O'Gorman, Tom"]
[Result "1/2-1/2"]
[WhiteElo "2441"]
[BlackElo "2353"]
[PlyCount "79"]
[EventDate "2024.09.11"]
[EventType "team"]
[EventRounds "11"]
[EventCountry "HUN"]
[WhiteTeam "Slovakia"]
[BlackTeam "Ireland"]
[WhiteTeamCountry "SVK"]
[BlackTeamCountry "IRL"]

1. e4 e5 2. Nf3 Nc6 3. Nc3 Nf6 4. d4 Bb4 5. Nxe5 Qe7 6. Qd3 Bxc3+ 7. Qxc3 Nxe4 8. Qe3 Nd6 9. Nxc6 dxc6 10. Qxe7+ Kxe7 11. Bf4 Be6 ({RR} 11... Bf5 12. c3 Kd7 13. f3 h5 14. h4 a5 15. Bxd6 cxd6 16. Kd2 a4 17. a3 b5 18. Be2 Be6 19. Rae1 f6 20. f4 Bf5 21. Bf3 Rag8 22. Re3 g6 23. Rhe1 Rg7 24. g3 d5 25. Bd1 Bg4 26. Bxg4+ {Hosseinzadeh,N (2208)-Lintchevski,D (2524) chess.com INT 2024 0-1 (38)}) 12. Bd3 Kd7 $146 ({RR} 12... a5 13. a4 Kd7 14. O-O-O Bc4 15. Bxd6 Bxd3 16. Rxd3 Kxd6 17. Re1 Rhe8 18. Rde3 Rxe3 19. Rxe3 h5 20. Kd2 g6 21. Kd3 b6 22. Rf3 Ke6 23. Re3+ Kd6 24. f4 Rh8 25. h4 Rd8 26. Kc4 Rb8 27. Re5 {Martinez Fernandez,A (2311)-Barseghyan,H (2495) San Sebastian 2019 ½-½ (39)}) 13. Bxd6 cxd6 14. Kd2 Rae8 15. Rae1 f6 16. Re3 Bf7 17. Rg3 g6 18. h4 Rhg8 19. c4 Ke7 20. Rf3 Be6 21. h5 Kf7 22. Rg3 f5 23. hxg6+ hxg6 24. Rh6 Kf6 25. f4 Bf7 26. Rg5 Kg7 27. Rh4 Kf6 28. g4 fxg4 29. Rhxg4 Rg7 30. Rh4 Rgg8 31. Rhg4 Rh8 32. Bxg6 Rh2+ 33. Kc3 Re3+ 34. Bd3 Bxc4 35. Rf5+ Ke6 36. Rg6+ Ke7 37. Rg7+ Ke6 38. Rg6+ Ke7 39. Rg7+ Ke6 40. Rg6+ 1/2-1/2

[Event "45th Olympiad Budapest 2024"]
[Site "Budapest"]
[Date "2024.09.20"]
[Round "9.4"]
[White "Fitzsimons, David"]
[Black "Kostolansky, Sebastian Lukas"]
[Result "0-1"]
[WhiteElo "2315"]
[BlackElo "2405"]
[PlyCount "106"]
[EventDate "2024.09.11"]
[EventType "team"]
[EventRounds "11"]
[EventCountry "HUN"]
[WhiteTeam "Ireland"]
[BlackTeam "Slovakia"]
[WhiteTeamCountry "IRL"]
[BlackTeamCountry "SVK"]

1. e4 c5 2. Nf3 e6 3. d4 cxd4 4. Nxd4 Nc6 5. Nc3 Qc7 6. Be3 a6 7. Qf3 Bd6 8. O-O-O Be5 9. Nxc6 bxc6 10. Bd4 Nf6 11. Bxe5 Qxe5 12. Qg3 Qxg3 13. hxg3 d5 14. f3 dxe4 15. Nxe4 Nxe4 16. fxe4 e5 17. Rd6 Bd7 18. Bc4 Ke7 19. Rhd1 Bg4 20. R1d2 Rhc8 21. Bb3 $146 ({RR} 21. R6d3 Rc7 22. Ra3 a5 23. Rc3 Raa7 24. Bf1 f6 25. Rc5 Bh5 26. a4 Bg6 27. Bd3 h5 28. b3 Rc8 29. c3 Rb8 30. Rxc6 Be8 31. Rc5 Rxb3 32. Bb5 Rb7 33. Rdd5 Ra3 34. Rd2 Bg6 35. Rc4 Ra1+ {Campos Gomez,M (2082)-Panesso Rivera,H (2366) Medellin 2021 0-1 (49)}) 21... Rab8 22. Ba4 Rb4 23. Bxc6 Rb6 24. Bd7 Rxd6 25. Bxg4 Rc4 26. Bf3 h5 27. Rxd6 Kxd6 28. b3 Rc8 29. Bxh5 g6 30. Be2 a5 31. g4 Rh8 32. c3 Rh1+ 33. Kc2 Ra1 34. Kb2 Re1 35. Bf3 f5 36. gxf5 gxf5 37. Kc2 fxe4 38. Kd2 Ra1 39. Bxe4 Rxa2+ 40. Kd3 Kc5 41. b4+ axb4 42. cxb4+ Kxb4 43. Bd5 Ra1 44. Ke4 Re1+ 45. Kf5 Kc5 46. Bb7 Kd4 47. g4 Rf1+ 48. Ke6 Rb1 49. Ba8 e4 50. g5 e3 51. Bf3 Rg1 52. Kf5 Rf1 53. Kg4 Rxf3 0-1

[Event "45th Olympiad Budapest 2024"]
[Site "Budapest"]
[Date "2024.09.20"]
[Round "9.1"]
[White "Olson, Hamish"]
[Black "Henriquez Villagra, Cristobal"]
[Result "0-1"]
[WhiteElo "2384"]
[BlackElo "2604"]
[PlyCount "118"]
[EventDate "2024.09.11"]
[EventType "team"]
[EventRounds "11"]
[EventCountry "HUN"]
[WhiteTeam "Scotland"]
[BlackTeam "Chile"]
[WhiteTeamCountry "SCO"]
[BlackTeamCountry "CHI"]

1. d4 Nf6 2. g3 d5 3. Nf3 c6 4. c4 Bf5 5. Nc3 e6 6. Qb3 Qb6 7. c5 Qc7 8. Bf4 Qc8 9. Bg2 ({RR} 9. Nh4 Bg6 10. Bg2 Nbd7 11. Nxg6 hxg6 12. e4 Be7 13. exd5 Nxd5 14. Nxd5 cxd5 15. Rc1 g5 16. Bd2 a5 17. O-O Nb8 18. Rfe1 Nc6 19. Qd3 Qd7 20. b3 Rb8 21. a3 b6 22. b4 axb4 23. axb4 b5 {Feller,S (2573)-Duda,J (2678) Germany 2017 0-1 (96)}) 9... h6 10. O-O Nbd7 11. Nd2 ({RR} 11. Qd1 Be7 12. b4 Ne4 13. Qb3 O-O 14. Rfd1 Re8 15. Nd2 Nxc3 16. Qxc3 Nf6 17. f3 Bd8 18. e4 Bg6 19. e5 Nd7 20. Be3 Qc7 21. Bh3 b6 22. f4 bxc5 23. bxc5 Qa5 24. Qc1 Qa4 25. Nb3 Bc7 {Stewart,A (2053)-Pitcher,J (2175) England ENG 2024 0-1 (62)}) 11... Be7 $146 ({RR} 11... g5 12. Be3 Ng4 13. h3 Nxe3 14. fxe3 Bg7 15. e4 Bxd4+ 16. Kh2 Bg6 17. exd5 cxd5 18. e4 O-O 19. exd5 Nxc5 20. Qb4 Bxc3 21. bxc3 Nd3 22. Qd4 e5 23. Qe3 Qxc3 24. Ne4 Qd4 25. Qe2 f5 26. Nd6 {Chigaev,M (2639)-Kobalia,M (2600) Chess.com INT 2021 0-1}) 12. e4 dxe4 13. Ncxe4 Bxe4 14. Bxe4 O-O 15. Bg2 Nd5 16. Be3 Qc7 17. Qc2 Rad8 18. a3 h5 19. Nc4 N7f6 20. Bg5 Ng4 21. Bd2 h4 22. Qd1 Ngf6 23. Qe2 g6 24. Rad1 Kg7 25. Bc1 Rh8 26. Qe5 Qxe5 27. dxe5 Ng4 28. Bf3 Nh6 29. b4 hxg3 30. fxg3 Nf5 31. g4 Nh4 32. Bxd5 cxd5 33. Nd6 Rdf8 34. Nxb7 f5 35. gxf5 Nxf5 36. Nd6 Rh3 37. Nxf5+ gxf5 38. Rf2 a5 39. Rg2+ Kf7 40. Rg3 Rh4 41. Bd2 Rfh8 42. Rg2 Rh3 43. Rc1 Rxa3 44. bxa5 Rc8 45. c6 Bf8 46. h4 Ra4 47. Be1 Bg7 48. Rb2 Bxe5 49. Rb7+ Kf6 50. h5 Bf4 51. Rc2 d4 52. Rd7 Ra1 53. Kf2 Be3+ 54. Ke2 Ke5 55. Bd2 f4 56. Bxe3 fxe3 57. Rc4 Ra2+ 58. Kf3 Rf8+ 59. Kg3 e2 0-1

[Event "45th Olympiad Budapest 2024"]
[Site "Budapest"]
[Date "2024.09.20"]
[Round "9.2"]
[White "Salinas Herrera, Pablo"]
[Black "Waldhausen Gordon, Frederick"]
[Result "1-0"]
[WhiteElo "2479"]
[BlackElo "2351"]
[PlyCount "65"]
[EventDate "2024.09.11"]
[EventType "team"]
[EventRounds "11"]
[EventCountry "HUN"]
[WhiteTeam "Chile"]
[BlackTeam "Scotland"]
[WhiteTeamCountry "CHI"]
[BlackTeamCountry "SCO"]

1. e4 e6 2. d4 d5 3. e5 c5 4. c3 Qb6 5. Nf3 Bd7 6. Be2 Bb5 7. dxc5 Bxc5 8. O-O Bxe2 9. Qxe2 a5 ({RR} 9... Qa6 10. Qd1 Ne7 11. a4 Qc6 12. b4 Bb6 13. b5 Qc7 14. Ba3 Bc5 15. Bxc5 Qxc5 16. Nbd2 O-O 17. Nb3 Qc4 18. Nbd4 Nd7 19. Re1 Qxc3 20. Rc1 Qa5 21. Ng5 h6 22. Ngxe6 fxe6 23. Nxe6 Rf7 24. Qg4 {Novik,M (2399)-Holt,C (2540) chess.com INT 2024 0-1 (45)}) 10. Nbd2 ({RR} 10. c4 Ne7 11. Nc3 O-O 12. cxd5 Nxd5 13. Nxd5 exd5 14. Qd3 Rd8 15. Bg5 Rd7 16. Rac1 Nc6 17. Qf5 Rc7 18. e6 f6 19. Bf4 Rcc8 20. Qxd5 Ne7 21. Qe4 Rc6 22. b3 Kh8 23. Rce1 Re8 24. Be3 Ng6 {Movsesian,S (2651)-Volkov,S (2642) Panormo 2002 1-0 (45)}) 10... a4 11. Rb1 $146 ({RR} 11. Re1 Ne7 12. Nf1 O-O 13. Be3 Nd7 14. Bxc5 Nxc5 15. Ng3 Ng6 16. Qd2 f6 17. Rad1 Rad8 18. Re2 Ne4 19. Qc2 Nf4 20. Ree1 f5 21. Nd4 a3 22. f3 Nc5 23. b4 Na6 24. Qc1 Ng6 25. Qxa3 Rc8 {Dabrowski,W (2210)-Krasucki,P Plock 1994 1-0}) ({RR} 11. c4 Qa6 12. Re1 Ne7 13. Ng5 h6 14. Qh5 O-O 15. Ngf3 Qb6 16. Re2 Ng6 17. Nf1 Re8 18. cxd5 exd5 19. Ng3 Nd7 20. Bd2 Re6 21. Rae1 Rae8 22. Nf5 Ngxe5 23. Nxe5 Nxe5 24. Be3 Ng6 25. Bxc5 Qxc5 {Gabre,Z (2121)-Pandurevic,M (2286) Sibenik 2011 1-0 (40)}) ({RR} 11. b4 axb3 12. Nxb3 Be7 13. Be3 Qc7 14. Nbd4 Nd7 15. Nb5 Qa5 16. c4 Nb6 17. Nc7+ Kd7 18. Nxa8 Nxa8 19. cxd5 exd5 20. Rab1 b6 21. Rb5 Qxa2 22. Qxa2 {1-0 (22) Kraus,T (2461)-Guevara,R (1993) Chess.com INT 2021}) 11... Qa6 12. Qd1 Ne7 13. b4 axb3 14. axb3 Qd3 15. b4 Bb6 16. Rb3 Qb5 17. Qc2 O-O 18. Ng5 Nf5 19. g4 Qe2 20. gxf5 Qg4+ 21. Kh1 Qxg5 22. c4 Rc8 23. fxe6 fxe6 24. Rg3 Qe7 25. c5 Bc7 26. Nf3 Rf8 27. Rfg1 Rxf3 28. Rxf3 Qh4 29. Rf4 Qh3 30. Qe2 Nc6 31. Rg3 Qxg3 32. fxg3 Bxe5 33. Rf1 1-0

[Event "45th Olympiad Budapest 2024"]
[Site "Budapest"]
[Date "2024.09.20"]
[Round "9.3"]
[White "Abdulla, Murad"]
[Black "Vasquez Schroeder, Rodrigo"]
[Result "1/2-1/2"]
[WhiteElo "2312"]
[BlackElo "2457"]
[PlyCount "60"]
[EventDate "2024.09.11"]
[EventType "team"]
[EventRounds "11"]
[EventCountry "HUN"]
[WhiteTeam "Scotland"]
[BlackTeam "Chile"]
[WhiteTeamCountry "SCO"]
[BlackTeamCountry "CHI"]

1. e4 c5 2. c3 e6 3. Nf3 Nc6 4. d4 d5 5. exd5 exd5 6. Be2 c4 7. b3 cxb3 8. axb3 Bd6 9. O-O Nge7 10. Re1 O-O 11. Ba3 h6 $146 ({RR} 11... Bxa3 12. Rxa3 Bg4 13. Nbd2 Qd6 14. Ra2 Ng6 15. h3 Bf5 16. Nf1 Nf4 17. Ne3 Nxe2+ 18. Raxe2 Be4 19. Ne5 f6 20. Nxc6 bxc6 21. Ra2 Rf7 22. b4 g5 23. f3 Bg6 24. Ng4 Kg7 25. Nf2 h5 26. Nd3 {Suran,J (2215)-Cerny,M (2330) Prague 1995 1-0 (40)}) ({RR} 11... Ng6 12. g3 Bg4 13. Nbd2 a6 14. Nf1 Bxa3 15. Rxa3 Re8 16. Ne3 Bh3 17. Bf1 Bxf1 18. Rxf1 h6 19. Re1 Qd7 20. Ra2 Re4 21. Qd3 Rae8 22. Rae2 b5 23. Nd2 R4e6 24. b4 Nce7 25. Nb3 Rf6 26. Nc5 {Kislov,O (2206)-Arabidze,M (2422) Chess.com INT 2022 1-0}) ({RR} 11... Ng6 12. Bf1 Bg4 13. Nbd2 Bxa3 14. Rxa3 Qd6 15. Ra1 Nf4 16. Re3 Rae8 17. Qe1 Bd7 18. Ne5 Nxe5 19. dxe5 Qb6 20. Nf3 Ne6 21. Qd1 Bc6 22. Nd4 f6 23. exf6 Rxf6 24. Ra2 Nxd4 25. Rxe8+ {½-½ (25) Hort,V (2477)-Olafsson,F (2440) Reykjavik 2008}) 12. Bxd6 Qxd6 13. Nbd2 Bg4 14. h3 Bf5 15. Nf1 Rfe8 16. Bd3 Qd7 17. Ng3 Bxd3 18. Qxd3 Ng6 19. b4 b6 20. Qf5 Qd6 21. b5 Nce7 22. Qd3 Qd7 23. Ne5 Nxe5 24. Rxe5 Ng6 25. Rxe8+ Rxe8 26. Qf5 Re6 27. Nf1 Ne7 28. Qd3 Nc8 29. Ne3 Nd6 30. Nxd5 Qxb5 1/2-1/2

[Event "45th Olympiad Budapest 2024"]
[Site "Budapest"]
[Date "2024.09.20"]
[Round "9.4"]
[White "Lopez Silva, Hugo"]
[Black "Gourlay, Iain"]
[Result "1/2-1/2"]
[WhiteElo "2379"]
[BlackElo "2296"]
[PlyCount "67"]
[EventDate "2024.09.11"]
[EventType "team"]
[EventRounds "11"]
[EventCountry "HUN"]
[WhiteTeam "Chile"]
[BlackTeam "Scotland"]
[WhiteTeamCountry "CHI"]
[BlackTeamCountry "SCO"]

1. e4 c5 2. Nf3 Nc6 3. d4 cxd4 4. Nxd4 e5 5. Nb5 d6 6. c4 Be6 7. Bd3 Nf6 8. O-O g6 9. N1c3 a6 10. Na3 Bg7 11. Nc2 O-O 12. Nd5 Bxd5 13. cxd5 Nd4 14. Nxd4 exd4 15. Bg5 Qb6 16. Bxf6 Bxf6 17. Rb1 $146 ({RR} 17. Qd2 Rac8 18. g3 Rc5 19. h4 Rfc8 20. Kg2 Qd8 21. h5 R8c7 22. Rh1 Qc8 23. Rad1 Qg4 24. Rde1 Qc8 25. hxg6 hxg6 26. Qf4 Qd8 27. Qh6 Bg7 28. Qd2 Rc8 29. f4 R8c7 30. Kf3 Qc8 31. g4 Qd7 {Kovchan,A (2491)-Kanyamarala,T (2305) Groningen NED 2023 1-0 (38)}) 17... Rac8 18. g3 Bg7 19. h4 Qd8 20. Kg2 Rc7 21. Re1 Re8 22. Qd2 Rce7 23. Qb4 Qd7 24. Rbc1 Bh6 25. Rcd1 Bg7 26. Rc1 Bh6 27. Ra1 Bg7 28. Rad1 Bf6 29. Re2 Bg7 30. Rde1 Be5 31. Rf1 Bg7 32. Rfe1 Be5 33. Rf1 Bg7 34. Rfe1 1/2-1/2

[Event "45th Olympiad Budapest 2024"]
[Site "Budapest"]
[Date "2024.09.20"]
[Round "9.1"]
[White "Dardha, Daniel"]
[Black "Khoroshev, Nikita"]
[Result "1-0"]
[WhiteElo "2603"]
[BlackElo "2355"]
[PlyCount "117"]
[EventDate "2024.09.11"]
[EventType "team"]
[EventRounds "11"]
[EventCountry "HUN"]
[WhiteTeam "Belgium"]
[BlackTeam "Kyrgyzstan"]
[WhiteTeamCountry "BEL"]
[BlackTeamCountry "KGZ"]

1. c4 b6 2. d4 Bb7 3. Nc3 e6 4. a3 f5 5. Nf3 Nf6 6. d5 Be7 7. g3 O-O 8. Bg2 Na6 9. Nd4 Nc5 10. O-O a5 11. Bf4 ({RR} 11. b3 Nfe4 12. Bb2 Bf6 13. b4 Bxd4 14. Qxd4 Nb3 15. Qe3 Nxa1 16. Nxe4 fxe4 17. Bxe4 exd5 18. cxd5 Qe7 19. Qd3 h6 20. Bxa1 axb4 21. axb4 Kh8 22. Bf3 Qf7 23. Bc3 d6 24. Be4 Bc8 25. Bg2 Bd7 {Harshavardhan,G (2434)-Lenderman,A (2572) chess.com INT 2023 ½-½ (38)}) 11... a4 12. Ndb5 d6 $146 ({RR} 12... Ne8 13. d6 cxd6 14. Nxd6 Bxg2 15. Kxg2 Bf6 16. Rc1 Ra5 17. Rc2 Nb3 18. Ncb5 Qa8+ 19. Kg1 Qc6 20. Qd3 e5 21. Nxe8 Rxe8 22. Bd2 e4 23. Qd6 Raa8 24. Qxc6 dxc6 25. Nc7 Nd4 26. Nxe8 Rxe8 27. Rfc1 {Edwards,R (2093)-Koksch,G (2142) Dresden 2006 0-1 (36)}) 13. Be3 e5 14. Bxc5 bxc5 15. Nxa4 e4 16. Bh3 g6 17. Nac3 c6 18. dxc6 Bxc6 19. Qc2 Qb8 20. Rfd1 Kg7 21. e3 h5 22. b4 Rd8 23. Rab1 Qc8 24. Qb2 Kf7 25. Rd2 Ra6 26. Rbd1 Ba8 27. Bf1 h4 28. Qb3 hxg3 29. hxg3 f4 30. exf4 e3 31. fxe3 Qg4 32. Nd5 Rh8 33. Qd3 Bxd5 34. cxd5 c4 35. Qe2 Qxg3+ 36. Qg2 Qxe3+ 37. Qf2 Qe4 38. Bg2 Qf5 39. Qe3 Bd8 40. Qe6+ Kg7 41. Qxf5 gxf5 42. Bf3 Bb6+ 43. Kg2 Be3 44. Rc2 Rb8 45. Re1 Rxb5 46. Rxe3 Nxd5 47. Bxd5 Rxd5 48. Rxc4 Ra8 49. Rc7+ Kf6 50. Rce7 Rd2+ 51. Kf1 Kg6 52. R3e6+ Kh5 53. Rg7 Rh8 54. Rg1 Rd1+ 55. Re1 Rxe1+ 56. Kxe1 Ra8 57. Rg3 Kh4 58. Rb3 Kg4 59. b5 1-0

[Event "45th Olympiad Budapest 2024"]
[Site "Budapest"]
[Date "2024.09.20"]
[Round "9.2"]
[White "Orozbaev, Eldiyar"]
[Black "Vandenbussche, Thibaut"]
[Result "1-0"]
[WhiteElo "2376"]
[BlackElo "2461"]
[PlyCount "77"]
[EventDate "2024.09.11"]
[EventType "team"]
[EventRounds "11"]
[EventCountry "HUN"]
[WhiteTeam "Kyrgyzstan"]
[BlackTeam "Belgium"]
[WhiteTeamCountry "KGZ"]
[BlackTeamCountry "BEL"]

1. e4 d6 2. d4 Nf6 3. Bd3 e5 4. c3 Nbd7 5. f4 g6 6. Nf3 Qe7 ({RR} 6... Bg7 7. O-O O-O 8. h3 exd4 9. cxd4 d5 10. e5 Ne4 11. Nc3 Nxc3 12. bxc3 c5 13. f5 cxd4 14. f6 Bh8 15. cxd4 Qb6 16. Rb1 Qa5 17. Bh6 Re8 18. Ng5 Nf8 19. Bxf8 Kxf8 20. Nxh7+ Kg8 21. Bxg6 {Mekhane,A (2355)-Sanal,V (2570) chess.com INT 2024 1-0}) 7. O-O Bg7 8. Na3 O-O $146 ({RR} 8... exd4 9. cxd4 O-O 10. Nb5 Nb8 11. Nc3 Bg4 12. e5 dxe5 13. dxe5 Qc5+ 14. Kh1 Nd5 15. Be4 Nxc3 16. bxc3 Nc6 17. Qb3 Qb6 18. Ba3 Rfd8 19. Ng5 Qxb3 20. axb3 Na5 21. Bb4 Nxb3 22. Bxb7 c5 23. Bxa8 {Figueiredo,H (2010)-Pires,E (2065) Lisbon 2013 ½-½ (71)}) 9. Nb5 Ne8 10. fxe5 dxe5 11. Bg5 f6 12. Bh4 a6 13. Na3 Nd6 14. Nc4 Nxc4 15. Bxc4+ Kh8 16. Qe2 exd4 17. cxd4 Nb6 18. e5 Nxc4 19. Qxc4 Be6 20. d5 Bg8 21. Rae1 g5 22. Bf2 fxe5 23. Bc5 Rf4 24. Qxf4 Qxc5+ 25. Qe3 Qxe3+ 26. Rxe3 e4 27. Rxe4 Bxd5 28. Re7 Rf8 29. Ne5 Kg8 30. Rd1 Bxa2 31. Nd7 Rf4 32. b4 Bd4+ 33. Kh1 Bd5 34. h3 g4 35. Kh2 h5 36. Kg3 gxh3 37. Kxf4 hxg2 38. Ree1 h4 39. Rxd4 1-0

[Event "45th Olympiad Budapest 2024"]
[Site "Budapest"]
[Date "2024.09.20"]
[Round "9.3"]
[White "Maerevoet, Sim"]
[Black "Abdyzhapar, Asylbek"]
[Result "0-1"]
[WhiteElo "2432"]
[BlackElo "2357"]
[PlyCount "90"]
[EventDate "2024.09.11"]
[EventType "team"]
[EventRounds "11"]
[EventCountry "HUN"]
[WhiteTeam "Belgium"]
[BlackTeam "Kyrgyzstan"]
[WhiteTeamCountry "BEL"]
[BlackTeamCountry "KGZ"]

1. Nf3 Nf6 2. g3 d5 3. Bg2 e6 4. O-O Be7 5. d3 O-O 6. c4 c5 7. Ne5 Bd6 8. f4 Nbd7 9. Nxd7 Qxd7 10. e4 dxe4 11. dxe4 e5 12. Nc3 b6 $146 ({RR} 12... Re8 13. f5 Bc7 14. Qe2 Ba5 15. Nd1 b5 16. cxb5 a6 17. Be3 axb5 18. g4 Rd8 19. g5 Ne8 20. Nf2 Ba6 21. Qf3 b4 22. Ng4 Bxf1 23. Bxf1 Nd6 24. f6 g6 25. Nxe5 Qe8 26. Bf4 b3 27. axb3 {Cordova,E (2531)-Pang,Q (2226) Philadelphia USA 2024 1-0 (39)}) 13. f5 Be7 14. Qe2 Bb7 15. Be3 Rad8 16. Rad1 Qc7 17. g4 h6 18. h4 Rxd1 19. Rxd1 Nh7 20. Bf2 Rd8 21. Nd5 Bxd5 22. exd5 Bf6 23. Be4 Rd6 24. Kg2 Qd8 25. Rh1 Rd7 26. Qe3 Be7 27. Bc2 Bd6 28. g5 hxg5 29. f6 g4 30. Bxh7+ Kxh7 31. Qe4+ Kg8 32. Qxg4 Bf8 33. Bg3 Rd6 34. Bxe5 Rxd5 35. cxd5 Qxd5+ 36. Kh3 Qxh1+ 37. Kg3 Qg1+ 38. Kf4 Qxg4+ 39. Kxg4 gxf6 40. Bf4 c4 41. a4 f5+ 42. Kxf5 Bg7 43. Bc1 Kh7 44. a5 bxa5 45. Ke4 Bh6 0-1

[Event "45th Olympiad Budapest 2024"]
[Site "Budapest"]
[Date "2024.09.20"]
[Round "9.4"]
[White "Sezdbekov, Ruslan"]
[Black "Lenaerts, Lennert"]
[Result "1/2-1/2"]
[WhiteElo "2251"]
[BlackElo "2300"]
[PlyCount "73"]
[EventDate "2024.09.11"]
[EventType "team"]
[EventRounds "11"]
[EventCountry "HUN"]
[WhiteTeam "Kyrgyzstan"]
[BlackTeam "Belgium"]
[WhiteTeamCountry "KGZ"]
[BlackTeamCountry "BEL"]

1. e4 c5 2. Nf3 e6 3. c3 Nf6 4. e5 Nd5 5. d4 cxd4 6. Bc4 d6 7. cxd4 Be7 8. O-O O-O 9. Qe2 b6 10. Rd1 Bb7 11. Nc3 Nxc3 12. bxc3 Qc7 13. Bf4 Nd7 14. d5 exd5 15. Bxd5 Bxd5 16. Rxd5 dxe5 17. Nxe5 Nxe5 18. Bxe5 Qc6 19. Rad1 Rfe8 20. Qg4 Qg6 $146 ({RR} 20... f6 21. Bg3 Qxc3 22. h4 Bf8 23. Rd7 Re1+ 24. Rxe1 Qxe1+ 25. Kh2 a6 26. h5 Re8 27. h6 g6 28. Qf3 Qe6 29. Ra7 b5 30. Rc7 Bxh6 31. Rc6 Qxa2 32. Rxf6 Rf8 33. Be5 Qc4 34. Rxf8+ Bxf8 35. Qf6 {Ciric,P (2169)-Chkhaidze,N (2219) Pirot SRB 2022 ½-½ (53)}) 21. h3 Qxg4 22. hxg4 h6 23. Rd7 Bc5 24. Bd4 Re2 25. Bxc5 bxc5 26. Rc7 Rxa2 27. Rdd7 Rf8 28. Rxc5 a5 29. Ra7 a4 30. Rca5 Re8 31. Rf5 f6 32. Rc5 Re5 33. Rxe5 fxe5 34. c4 Kh7 35. c5 Kg6 36. c6 Rc2 37. Rxa4 1/2-1/2